Quizzes
Events
Quiz Creation
Community
Videos
Private Events
Remove Ads
Sign In
Join for FREE
Feedback
Dark Mode
Quiz Categories
Sports
Geography
Music
Movies
Television
Just For Fun
Miscellaneous
History
Literature
Language
Science
Gaming
Entertainment
Religion
Holiday
For Kids
Quiz Lab
Recent
Popular Today
Quiz Kudos Today
Editor Picks
Curator Picks
Quizzes by...
Day
Popularity
Type
Ratings
Length
Year
Community
Subscriptions
Recent Discussions
Orange Saloon
Badges
Playlists
Quests
Create
Leaderboards
Showdown
Live 5
Trivia Bingo
Activity
Puzzle Library
Sporcle Events
Private Events
Virtual Trivia
Globe League
Become a Host
Pub Owners
SporcleCon
Opinionation
Our Games
Videos
Blog
Mobile Apps
Partnerships
Remove Ads and Go Orange
Feedback
Music
Pop Music
The Beatles
Song
Album
Lyrics
Bands
Singers
Artist
Clip
Rock
Rap
Classical
Billboard
Country Music
Kpop
Taylor Swift
Music
Pop Music
The Beatles
Song
Album
Lyrics
Bands
Singers
Artist
Clip
Rock
Rap
Classical
Billboard
Country Music
Kpop
Taylor Swift
Random Quiz
Search Sporcle
×
Quiz Lab
Quiz Lab
Music
road
Type in answers that appear in a list
Type in answers that appear in a list
Classic
Best Score? Go Orange.
Copperhead Road Lyrics Stats
Can you name the lyrics to Steve Earl's 'Copperhead Road'?
By
rrracheljoannn
10m
249 Questions
315 Plays
315 Plays
315 Plays
Comments
Comments
Give Quiz Kudos
Give Quiz Kudos
-
- Ratings
hide this ad
Replay
Link that replays current quiz
Next Quiz
Link to next quiz in quiz playlist
You Got
0%
They Got
Avg Score
79%
Avg Friend Score
Upgrade to see
Score Distribution
Jump to the score distribution portion of the page
Score
0/249
Timer
10:00
0
Plays Today
% Correct
copper
98.7%
He
98.1%
he
98.1%
he
98.1%
He
98.1%
he
98.1%
He
98.1%
to
97.1%
the
97.1%
the
97.1%
the
97.1%
the
97.1%
the
97.1%
the
97.1%
the
97.1%
the
97.1%
to
97.1%
the
97.1%
the
97.1%
the
97.1%
the
97.1%
the
97.1%
the
97.1%
the
97.1%
my
96.8%
my
96.8%
my
96.8%
an
96.8%
my
96.8%
my
96.8%
Road
95.9%
Road
95.9%
Road
95.9%
Road
95.9%
and
95.6%
and
95.6%
Copperhead
95.6%
and
95.6%
Copperhead
95.6%
and
95.6%
Copperhead
95.6%
Copperhead
95.6%
daddy
94.9%
daddy
94.9%
down
94.9%
daddy
94.9%
down
94.9%
down
94.9%
down
94.9%
down
94.9%
his
93.3%
of
93.3%
of
93.3%
of
93.3%
of
93.3%
on
93%
on
93%
in
92.7%
in
92.7%
in
92.7%
in
92.7%
came
92.4%
came
92.4%
came
92.4%
before
92.1%
ever
92.1%
Before
92.1%
Well
91.7%
Well
91.7%
Well
91.7%
Well
91.7%
ya
91.4%
as
91.1%
name's
90.8%
John
90.8%
You
90.8%
You
90.8%
You
90.8%
that
90.5%
from
90.5%
that
90.5%
that
90.5%
from
90.5%
% Correct
from
90.5%
from
90.5%
moonshine
89.8%
Same
88.9%
twice
88.9%
year
88.9%
some
88.6%
knew
88.6%
knew
88.6%
here
88.3%
town
88.3%
here
88.3%
only
87.9%
about
87.6%
line
87%
back
86.3%
back
86.3%
grandaddy
86%
grandaddy
86%
never
85.7%
whiskey
84.8%
whiskey
84.8%
made
84.1%
Lee
83.8%
Everybody
83.8%
come
83.5%
it
83.2%
It
83.2%
saw
82.2%
with
82.2%
with
82.2%
with
82.2%
Vietnam
81.3%
burning
79.4%
was
78.7%
smell
78.1%
two
78.1%
two
78.1%
engine
77.8%
new
77.5%
Bought
77.1%
at
77.1%
at
77.1%
night
77.1%
yeast
76.5%
plan
76.5%
momma
76.2%
still
75.9%
middle
75.6%
pounds
75.2%
tore
75.2%
Mexico
74.9%
could
74.6%
brand
74.6%
up
74.3%
uncle
74.3%
right
74.3%
up
74.3%
up
74.3%
sound
73.7%
chopper
73.7%
mason's
73.3%
around
73.3%
something
73.3%
dodge
73%
auction
73%
lodge
73%
home
73%
know
73%
big
72.7%
wasn't
72.7%
seed
72.7%
air
72.7%
Pettimore
72.4%
hardly
72.4%
time
72.4%
rumbling
72.4%
don't
72.4%
remember
72.1%
black
71.7%
tours
71.7%
duty
71.7%
I've
71.4%
% Correct
a
70.8%
a
70.8%
a
70.8%
a
70.8%
a
70.8%
got
70.8%
a
70.8%
a
70.8%
buy
70.5%
hundred
70.5%
had
70.5%
told
70.2%
Heard
70.2%
load
69.8%
cryin
69.2%
for
68.6%
holler
68.3%
holler
68.3%
round
67.9%
but
67.6%
been
67.6%
birthday
67.3%
Charlie
67.3%
thing
67%
Columbia
66.3%
They
66%
there
65.7%
learned
65.7%
white
65.4%
away
65.4%
headed
65.1%
side
65.1%
headed
65.1%
trash
65.1%
He'd
64.8%
Just
64.8%
or
64.4%
man
64.1%
him
64.1%
DEA
64.1%
army
63.8%
primer
63.5%
then
63.2%
I
63.2%
I
63.2%
I
63.2%
I
63.2%
I
63.2%
I
63.2%
I
63.2%
I
63.2%
County
62.9%
take
62.9%
ran
62.2%
coat
62.2%
Knoxville
62.2%
first
62.2%
wanted
61.9%
everything
61.9%
stay
61.9%
bad
61.6%
painted
61.6%
weekly
61.6%
plant
61.3%
like
61.3%
shot
61%
better
60.6%
looked
60%
draft
60%
anyway
59.4%
inside
59%
Now
58.7%
Now
58.7%
over
58.7%
Sherriff
58.4%
sherriff
58.4%
I'm
55.9%
volunteered
54.9%
revenue
53.7%
Johnson
53%
done
52.7%
screaming
50.5%
wake
47.9%
Quiz Playlist
Details
Report
Send in Message
Add To Playlist
Classic:
Type in answers that appear in a list
Quiz Source
Last Updated: Feb 16, 2017
Quiz Scoreboard
CHALLENGE
Sign Up to Join the Scoreboard
Show All
Scores
Hide
Comments
May contain spoilers
Recently Published
College Basketball Coaching Resumes
by pancakes188
Sports
9m
Billboard Blitz: Fleetwood Mac
by CooCooCachoo
Music
15s
Presidents Visiting Landmarks
by Hejman
History
7m
More to Explore
Quiz From the Vault
Featured Blog Post
Where Did the Easter Bunny Come From?
hide this ad
You Might Also Like...
Tags
earl
road
Steve
Today's Top Quizzes in Music
Browse Music
hide this ad
Today's Top Quizzes in road
Browse road
Top Contributed Quizzes in Music
1
Taylor Swift All Songs (2024)
2
7-to-1: Billboard Hot 100 #1 Hits of 2010s
3
Guess the Artist- 70s Songs
4
Sorting Albums and Songs
5
Taylor Swift Logic Puzzle
6
KPOP LOGIC QUIZ
7
Guess the Taylor Swift song (Mystery Song)
8
2010s Album by Cover III
9
One Thing in Common: Music
10
Guess The Taylor Swift Lyrics Song #1
Explore More
Trending Topics
Kpop
Marvel
NBA
Disney
Anime
Crossword
Harry Potter
Pokémon
Soccer
WWE
Country
Puzzle
The Office
NFL
Song
hide this ad
More By:
rrracheljoannn
Quiz
Plays
Rating
Category
Featured
Created
Copperhead Road Lyrics
315
3.20
Music
Jun 22, 2013
Go to Creator's Profile
Score Distribution
Quiz Creator Spotlight
rrracheljoannn
Follow
Send a Message
Quizzes Created
-
Created Quiz Play Count
-
More By This Creator
Popular Quizzes Today
1
Find the US States - No Outlines Minefield
2
Find the Countries of Europe - No Outlines Minefield
3
The Countries of the World
4
Find the US States
5
Risky Map Clicking: Biggest States A-Z
6
US States
7
Popular People in 1961
8
Movies - When Are They Set?
More Music Quizzes
Who Is That Mysterious Singer?
Editor's Pick
Trending Quizzes
Risky Map Clicking: Least Populous States A-Z
1-10 Letter G Words
1-10 Letter F Words
Risky Map Clicking: Next State Alphabetically
Risky Map Clicking: Biggest States A-Z
Recently Updated
Leaping Animals
pecheneg
Reality TV Shows (A-Z)
bhenderson79
Rickey Henderson's Hall of Fame Teammates
pecheneg
Champions League XIs: Arsenal
pecheneg
Quick Pick: Celebrities in WWE's Hall of Fame
aduchscher
A-Z Keypad Blitz II
pecheneg
Multiple Oscar Actors
pecheneg
Mystery Phrase Blitz: Oscar 'Best Actors'
pecheneg
F. Scott Fitzgerald Novels
LTH
Pick 3 Villains
ddd62291
Trending Topics
Marvel
Anime
Disney
Crossword
Kpop
NBA
Harry Potter
Soccer
Pokémon
Country
Song
NFL
WWE
The Office
Puzzle
Your Account Isn't Verified!
In order to create a playlist on Sporcle, you need to verify the email address you used during registration. Go to your
Sporcle Settings
to finish the process.
Report this User
Report this user for behavior that violates our
Community Guidelines
.
Details:
Send Report
Go to the Sporcle.com Mobile Site →
Comments